000 00527nab a2200145Ia 4500
003 ES-SlBCS
005 20210601134321.0
008 140529s1982 xxu||||| |||| 00| 0 spa d
041 _aspa
100 1 _aWieacker, Franz
_9216698
245 0 0 _aFormalismo y naturalismo en la ciencia jurídica moderna. En torno a una filosofía del derecho positivo
_c Franz Wieacker
650 0 4 _aFilosofía del Derecho Positivo
_9216719
773 0 _tAnales de la Catedra Francisco Suarez
_gnº. 22, 1982, págs. 219-234
_wRev1020
942 _cAR
999 _c610872
_d610872